Handbook of mathematical fluid dynamics / (Record no. 8605)

MARC details
000 -LEADER
fixed length control field 01343cam a22003494a 4500
001 - CONTROL NUMBER
control field 12686886
003 - CONTROL NUMBER IDENTIFIER
control field OSt
005 - DATE AND TIME OF LATEST TRANSACTION
control field 20240618111434.0
008 - FIXED-LENGTH DATA ELEMENTS--GENERAL INFORMATION
fixed length control field 020225m20029999ne a b 001 0 eng
010 ## - LIBRARY OF CONGRESS CONTROL NUMBER
LC control number 2002019382
020 ## - INTERNATIONAL STANDARD BOOK NUMBER
International Standard Book Number 0444503307 (v. 1 : alk. paper)
020 ## - INTERNATIONAL STANDARD BOOK NUMBER
International Standard Book Number 044451287X (v. 2 : alk. paper)
035 ## - SYSTEM CONTROL NUMBER
System control number (DLC) 2002019382
035 ## - SYSTEM CONTROL NUMBER
System control number (DLC)2856
040 ## - CATALOGING SOURCE
Original cataloging agency MUST LIB
Transcribing agency MUST
Modifying agency MUST
042 ## - AUTHENTICATION CODE
Authentication code pcc
050 00 - LIBRARY OF CONGRESS CALL NUMBER
Classification number QA911
Item number .H34 2003
082 00 - DEWEY DECIMAL CLASSIFICATION NUMBER
Classification number 532.05
Edition number 21
Item number HAN
245 00 - TITLE STATEMENT
Title Handbook of mathematical fluid dynamics /
Statement of responsibility, etc. edited by S. Friedlander, D. Serre.
250 ## - EDITION STATEMENT
Edition statement 1st ed.
260 ## - PUBLICATION, DISTRIBUTION, ETC. (IMPRINT)
Place of publication, distribution, etc. Amsterdam ;
-- Boston :
Name of publisher, distributor, etc. Elsevier,
Date of publication, distribution, etc. 2003
300 ## - PHYSICAL DESCRIPTION
Extent Xi, 614p.
Other physical details ill. ;
Dimensions 24 cm.
504 ## - BIBLIOGRAPHY, ETC. NOTE
Bibliography, etc Includes bibliographical references and indexes.
650 #0 - SUBJECT ADDED ENTRY--TOPICAL TERM
Topical term or geographic name as entry element Fluid dynamics.
9 (RLIN) 4940
700 1# - ADDED ENTRY--PERSONAL NAME
Personal name Friedlander, Susan,
Dates associated with a name 1946-
9 (RLIN) 17436
700 1# - ADDED ENTRY--PERSONAL NAME
Personal name Serre, D.
Fuller form of name (Denis)
9 (RLIN) 17437
856 41 - ELECTRONIC LOCATION AND ACCESS
Materials specified Table of contents
Uniform Resource Identifier http://www.loc.gov/catdir/toc/els051/2002019382.html
856 42 - ELECTRONIC LOCATION AND ACCESS
Materials specified Publisher description
Uniform Resource Identifier http://www.loc.gov/catdir/description/els051/2002019382.html
906 ## - LOCAL DATA ELEMENT F, LDF (RLIN)
a 7
b cbc
c orignew
d 1
e ocip
f 20
g y-gencatlg
942 ## - ADDED ENTRY ELEMENTS (KOHA)
Source of classification or shelving scheme Dewey Decimal Classification
Koha item type Open Shelf
Holdings
Withdrawn status Lost status Source of classification or shelving scheme Damaged status Not for loan Home library Current library Date acquired Inventory number Total Checkouts Full call number Barcode Date last seen Price effective from Koha item type Source of acquisition
    Other/Generic Classification Scheme     MUST Main Library MUST Main Library 18/06/2024 07/29029   532.05 HAN 2024-20748 18/06/2024 18/06/2024 Open Shelf  
    Dewey Decimal Classification     MUST Main Library MUST Main Library 18/06/2024 07/29028   532.05 HAN 2024-20749 18/06/2024 18/06/2024 Open Shelf Purchase